Natural born success : discover the instinctive drives that make you tick

Bibliographic Details
Main Author: Burgess, Paul
Format: Book
Language:English
Published: Milton : Wrightbooks , 2007
Subjects:

MARC

LEADER 00000cam a2200000 7i4500
001 0000019201
005 20090224.0
008 090217 # i eng
020 |a 073140582x 
040 |a INS 
090 0 0 |a BF431.3   |b B87 2007 
100 1 |a Burgess, Paul 
245 1 0 |a Natural born success :   |b discover the instinctive drives that make you tick   |c Paul Burgess 
260 |a Milton :   |b Wrightbooks ,   |c 2007 
300 |a xix, 250p. ;   |c 23cm. 
500 |a Includes index 
650 0 |a Motivation (Psychology)   |x Testing 
650 0 |a Personality tests 
999 |a 0000020564   |b BOOK   |c Open Shelf   |e Default branch